000 00723nam a2200229 a 4500
005 20140310183625.0
008 130319s19uu xx 00 eng d
020 _a9780415460262
050 _aPR 457
_b.D38 2012
100 _aDay, Aidan
245 _aRomanticism /
_cAidan Day.
250 _a2nd ed.
260 _aAbingdon [etc.] :
_bRoutledge,
_c2012.
300 _a221 p. :
_bill. ;
_c19 cm.
440 _aThe new critical idiom
500 _aIncludes index
650 _aEnglish literature
_xHistory and criticism
_xTheory, etc
_x19th century
650 _aEnglish literature
_xHistory and criticism
_xTheory, etc
_x18th century
650 _aRomanticism
_xGreat Britain
942 _cBK
_2lcc
_kFOR
999 _c25501
_d25501